[Event "Montreal Mercredi 05"]
[Site "Montreal"]
[Date "2009.05.20"]
[Round "2"]
[White "Dumont, Felix"]
[Black "Crezegut, Anthony"]
[Result "1/2-1/2"]
[WhiteElo "1653"]
[BlackElo "1673"]
[PlyCount "38"]
[EventDate "2009.05.13"]
[EventType "tourn"]
[EventRounds "5"]
[EventCountry "CAN"]
[SourceTitle "EXT 2011"]
[Source "ChessBase"]
[SourceDate "2010.11.26"]
[SourceVersion "1"]
[SourceVersionDate "2010.11.26"]
[SourceQuality "1"]

1. e4 d5 2. exd5 Qxd5 3. Nc3 Qd6 4. d4 Nf6 5. Nf3 a6 6. Be3 b5 7. Bd3 Bb7 8. Qd2 e6 9. 0-0-0 Nbd7 10. h3 Be7 11. Rhg1 0-0 12. Bf4 Qb6 13. Ne5 Rfd8 14. g4 g6 15. g5 Nh5 16. Be2 Nxf4 17. Qxf4 Nxe5 18. dxe5 Rxd1+ 19. Bxd1 Rd8 1/2-1/2

[Event "Montreal Mercredi 04"]
[Site "Montreal"]
[Date "2009.04.22"]
[Round "4"]
[White "Crezegut, Anthony"]
[Black "Millette, Sylvain"]
[Result "0-1"]
[WhiteElo "1677"]
[BlackElo "1660"]
[PlyCount "84"]
[EventDate "2009.04.01"]
[EventType "tourn"]
[EventRounds "5"]
[EventCountry "CAN"]
[SourceTitle "EXT 2011"]
[Source "ChessBase"]
[SourceDate "2010.11.26"]
[SourceVersion "1"]
[SourceVersionDate "2010.11.26"]
[SourceQuality "1"]

1. Nf3 Nf6 2. c4 g6 3. Nc3 Bg7 4. e4 d6 5. d4 0-0 6. h3 c5 7. d5 e5 8. g4 Ne8 9. Bd3 f5 10. gxf5 gxf5 11. exf5 Bxf5 12. Bxf5 Rxf5 13. Rg1 Qf6 14. Ne4 Qf7 15. Nfg5 Qg6 16. Kf1 Nd7 17. Ne6 Qh5 18. Qg4 Qxg4 19. Rxg4 Ndf6 20. Nxf6+ Rxf6 21. Ke2 Rg6 22. Rxg6 hxg6 23. Bg5 Nf6 24. Bxf6 Bxf6 25. Nc7 Rd8 26. Nb5 a6 27. Nc3 Kf7 28. a4 Rh8 29. Rh1 Rh4 30. f3 Rxc4 31. Kd3 Rb4 32. Kc2 e4 33. Nxe4 Rxb2+ 34. Kc1 Ra2 35. Nxd6+ Ke7 36. Re1+ Kxd6 37. Re6+ Kxd5 38. Rxf6 Rxa4 39. Rxg6 Rh4 40. Rg5+ Kc6 41. Rg3 Kb5 42. Kd2 a5 0-1

[Event "Montreal Mercredi 04"]
[Site "Montreal"]
[Date "2009.04.15"]
[Round "3"]
[White "Gauthier, Luc"]
[Black "Crezegut, Anthony"]
[Result "1/2-1/2"]
[WhiteElo "1676"]
[BlackElo "1677"]
[PlyCount "44"]
[EventDate "2009.04.01"]
[EventType "tourn"]
[EventRounds "5"]
[EventCountry "CAN"]
[SourceTitle "EXT 2011"]
[Source "ChessBase"]
[SourceDate "2010.11.26"]
[SourceVersion "1"]
[SourceVersionDate "2010.11.26"]
[SourceQuality "1"]

1. e4 c5 2. Nc3 Nc6 3. f4 g6 4. Nf3 Bg7 5. Bb5 Na5 6. d4 a6 7. Be2 cxd4 8. Nxd4 d6 9. Be3 Nf6 10. e5 dxe5 11. fxe5 Nd5 12. Nxd5 Qxd5 13. Nf3 Qxd1+ 14. Rxd1 Nc6 15. Bb6 Bf5 16. Nd4 Nxd4 17. Bxd4 Bxc2 18. Rc1 Be4 19. 0-0 Bc6 20. Bf3 Rc8 21. Bxc6+ bxc6 22. Rc4 0-0 1/2-1/2

[Event "Montreal Mercredi 04"]
[Site "Montreal"]
[Date "2009.04.08"]
[Round "2"]
[White "Crezegut, Anthony"]
[Black "Antoine, Vladimir"]
[Result "1/2-1/2"]
[WhiteElo "1677"]
[BlackElo "1653"]
[PlyCount "47"]
[EventDate "2009.04.01"]
[EventType "tourn"]
[EventRounds "5"]
[EventCountry "CAN"]
[SourceTitle "EXT 2011"]
[Source "ChessBase"]
[SourceDate "2010.11.26"]
[SourceVersion "1"]
[SourceVersionDate "2010.11.26"]
[SourceQuality "1"]

1. d4 d5 2. Nf3 Nf6 3. e3 Bg4 4. h3 Bxf3 5. Qxf3 Nbd7 6. c4 c6 7. Nc3 e6 8. b3 Bb4 9. Bd2 Qa5 10. Rc1 Ne4 11. Nxe4 dxe4 12. Qd1 0-0 13. Bxb4 Qxb4+ 14. Qd2 a5 15. Qc3 e5 16. a4 exd4 17. Qxb4 axb4 18. exd4 c5 19. d5 Ne5 20. Be2 Ng6 21. f3 Rfe8 22. Kf2 Nf4 23. Rhe1 exf3 24. Kxf3 1/2-1/2

[Event "Montreal Mercredi 02"]
[Site "Montreal"]
[Date "2009.03.18"]
[Round "5"]
[White "Baran, Marius"]
[Black "Crezegut, Anthony"]
[Result "1-0"]
[WhiteElo "1654"]
[BlackElo "1713"]
[PlyCount "55"]
[EventDate "2009.02.18"]
[EventType "tourn"]
[EventRounds "5"]
[EventCountry "CAN"]
[SourceTitle "EXT 2011"]
[Source "ChessBase"]
[SourceDate "2010.11.26"]
[SourceVersion "1"]
[SourceVersionDate "2010.11.26"]
[SourceQuality "1"]

1. d4 d5 2. c4 e6 3. Nc3 c6 4. e3 Nf6 5. Nf3 Nbd7 6. Bd3 dxc4 7. Bxc4 b5 8. Bd3 Bd6 9. 0-0 0-0 10. e4 e5 11. Bg5 a6 12. Ne2 Re8 13. a3 Bb7 14. Rc1 Rc8 15. Re1 c5 16. d5 c4 17. Bb1 h6 18. Bh4 Qb6 19. Qd2 a5 20. Ng3 g5 21. Nxg5 hxg5 22. Qxg5+ Kh7 23. Nf5 Bf8 24. Rc3 Ng8 25. Qh5+ Nh6 26. Nxh6 Qxh6 27. Qxf7+ Qg7 28. Qf5+ 1-0

[Event "Montreal Mercredi 02"]
[Site "Montreal"]
[Date "2009.03.04"]
[Round "3"]
[White "Abra, Mohammed"]
[Black "Crezegut, Anthony"]
[Result "1-0"]
[WhiteElo "1620"]
[BlackElo "1713"]
[PlyCount "66"]
[EventDate "2009.02.18"]
[EventType "tourn"]
[EventRounds "5"]
[EventCountry "CAN"]
[SourceTitle "EXT 2011"]
[Source "ChessBase"]
[SourceDate "2010.11.26"]
[SourceVersion "1"]
[SourceVersionDate "2010.11.26"]
[SourceQuality "1"]

1. d4 d5 2. c4 e6 3. Nc3 c6 4. e3 Nf6 5. Bd3 Nbd7 6. Nf3 dxc4 7. Bxc4 b5 8. Bd3 a6 9. Qc2 c5 10. dxc5 Nxc5 11. Be2 Bb7 12. 0-0 Qb6 13. b4 Nce4 14. Nxe4 Bxe4 15. Qb3 Rc8 16. a3 Be7 17. Bb2 0-0 18. Rac1 Bd5 19. Qd1 Qb7 20. Qd4 Rxc1 21. Rxc1 Rd8 22. Qe5 Bd6 23. Qd4 Qb8 24. Qc3 Bb7 25. Qb3 Bd5 26. Qc2 Be4 27. Qb3 Bd5 28. Qc2 Be4 29. Bxf6 Bxc2 30. Bxd8 Qxd8 31. Rxc2 Qd7 32. Nd4 e5 33. Nc6 e4 1-0

[Event "Montreal Mercredi 11"]
[Site "Montreal"]
[Date "2008.12.17"]
[Round "5"]
[White "Savard, Alain"]
[Black "Crezegut, Anthony"]
[Result "1/2-1/2"]
[WhiteElo "1756"]
[BlackElo "1843"]
[PlyCount "42"]
[EventDate "2008.11.19"]
[EventType "tourn"]
[EventRounds "5"]
[EventCountry "CAN"]
[SourceTitle "EXT 2011"]
[Source "ChessBase"]
[SourceDate "2010.11.26"]
[SourceVersion "1"]
[SourceVersionDate "2010.11.26"]
[SourceQuality "1"]

1. e4 d5 2. exd5 Qxd5 3. Nc3 Qd6 4. Nf3 Nf6 5. Bc4 a6 6. d3 Nc6 7. Qe2 Bg4 8. Ne4 Nxe4 9. Qxe4 Bxf3 10. Qxf3 Qf6 11. Qxf6 gxf6 12. Be3 e6 13. d4 0-0-0 14. 0-0-0 h5 15. Rhe1 Bh6 16. Bxh6 Rxh6 17. d5 Na5 18. Be2 Rxd5 19. Rxd5 exd5 20. Bf3 c6 21. Re7 Rh7 1/2-1/2

[Event "Montreal Mercredi 10"]
[Site "Montreal"]
[Date "2008.10.15"]
[Round "2"]
[White "Crezegut, Anthony"]
[Black "Caceres Cortes, Julio"]
[Result "1/2-1/2"]
[WhiteElo "1870"]
[BlackElo "1930"]
[PlyCount "59"]
[EventDate "2008.10.08"]
[EventType "tourn"]
[EventRounds "5"]
[EventCountry "CAN"]
[SourceTitle "EXT 2011"]
[Source "ChessBase"]
[SourceDate "2010.11.26"]
[SourceVersion "1"]
[SourceVersionDate "2010.11.26"]
[SourceQuality "1"]

1. Nf3 Nf6 2. d4 e6 3. e3 d5 4. Bd3 Nbd7 5. Nbd2 c6 6. c4 Bd6 7. 0-0 0-0 8. e4 dxe4 9. Nxe4 Nxe4 10. Bxe4 f5 11. Bc2 Nf6 12. Re1 Qc7 13. Ne5 c5 14. Bf4 cxd4 15. Qxd4 Ng4 16. Qc3 Bc5 17. Re2 Qb6 18. Nxg4 fxg4 19. Qg3 e5 20. Bxe5 Be6 21. Bc7 Qc6 22. Be4 Bxf2+ 23. Rxf2 Qxe4 24. b3 Rac8 25. Qe5 Qg6 26. Rxf8+ Rxf8 27. Re1 Bd7 28. Qd5+ Qf7 29. Qxf7+ Rxf7 30. Bg3 1/2-1/2